000
00310cam a2200121ua 4500
082
_a
028.73491
_b
KOS/HI
100
_a
Koshy , John P .
_9
1729
245
0
0
_a
Hindi-Hindi-Malayalam Dictionary /
250
_a
1 /
260
_a
Kottayam :
_b
Vidyarthi Mithram Book Depo ,
_c
1963.
300
_a
380 ; .
942
_c
BK
999
_c
9004
_d
9004